Az egészségügyben dolgozókat köszöntötték

Elmentve itt :
Bibliográfiai részletek
Szerző: P. Á.
Dokumentumtípus: Cikk
Megjelent: 2024-07-04
Sorozat:Petőfi Népe
Kulcsszavak:Oktatókórház - Kiskunhalasi Semmelweis Kórház, Szent-Györgyi Albert Klinikai Központ - SZAKK
Online Access:http://univ.bibl.u-szeged.hu/70909
LEADER 00766nab a2200193 i 4500
001 univ70909
005 20240704141257.0
008 240704s2024 hu o 000 hun d
040 |a SZTE UnivHistória Repozitórium  |b hun 
041 |a hun 
100 1 |a P. Á. 
245 1 3 |a Az egészségügyben dolgozókat köszöntötték  |h [elektronikus dokumentum] /  |c  P. Á. 
260 |c 2024-07-04 
300 |a 3 
490 0 |a Petőfi Népe 
561 |a Egyetemi hirarchívum 
695 |a Oktatókórház - Kiskunhalasi Semmelweis Kórház, Szent-Györgyi Albert Klinikai Központ - SZAKK 
856 4 0 |u http://univ.bibl.u-szeged.hu/70909/1/Egeszsegugyben_imedias3.pdf  |z Dokumentum-elérés  
856 4 0 |u http://univ.bibl.u-szeged.hu/70909/2/Egeszsegugyben_14372636.pdf  |z Dokumentum-elérés